Percipovanie vybraných charakteristík pracovného prostredia a pracovná spokojnosť zamestnancov verejnej správy
Transformácia verejnej správy. Vykonávatelia verejnej správy, ich pracovné prostredie, podmienky výkonu práce, pracovná spokojnosť (vnímaná odlišne mužmi a ženami, pracovníkmi s dlhšou a kratšou históriou práce vo verejnej správe). Výskum na vzorke vybraných zamestnancov štátnej správy z Košického k...
Saved in:
| Main Author: | |
|---|---|
| Format: | Book Chapter |
| Language: | Slovak |
| Subjects: | |
| Tags: |
No Tags, Be the first to tag this record!
|
MARC
| LEADER | 00000naa$a2200000$$$4500 | ||
|---|---|---|---|
| 001 | 0053309 | ||
| 005 | 20230913120209.1 | ||
| 041 | 0 | |a slo | |
| 044 | |a SK | ||
| 245 | 1 | 0 | |a Percipovanie vybraných charakteristík pracovného prostredia a pracovná spokojnosť zamestnancov verejnej správy |c Ján Ferjenčík |
| 520 | |a Transformácia verejnej správy. Vykonávatelia verejnej správy, ich pracovné prostredie, podmienky výkonu práce, pracovná spokojnosť (vnímaná odlišne mužmi a ženami, pracovníkmi s dlhšou a kratšou históriou práce vo verejnej správe). Výskum na vzorke vybraných zamestnancov štátnej správy z Košického kraja. | ||
| 610 | 2 | 0 | |a správa verejná |
| 610 | 2 | 0 | |a zamestnanci |
| 610 | 2 | 0 | |a prostredie pracovné |
| 610 | 2 | 0 | |a spokojnosť v práci |
| 610 | 2 | 0 | |a ženy |
| 610 | 2 | 0 | |a muži |
| 610 | 2 | 0 | |a Slovensko |
| 100 | 1 | |a Ferjenčík, Ján | |